000 00648nam a2200229Ia 4500
003 OSt
005 20220918220205.0
006 a|||||r|||| 00| 0
007 ta
008 220917b |||||||| |||| 00| 0 eng d
024 _a145,015
037 _cTextual
040 _aARTS
_cARTS
_beng
041 _2eng
_aeng
082 _aY1763:320Z5, H6(906)
100 _aShropshire D W T
_9136830
245 0 _aPrimitive marriage and European law
_b A south African investigation
260 _aNA
_bNA
_c1946
650 _aSOCIOLOGY
942 _hY1763:320Z5, H6(906)
_cTEXL
_2CC
999 _c267881
_d267881